History of the Byzantine state

Saved in:
Bibliographic Details
Main Author: Ostrogorsky, Georgije
Format: Book
Language:English
Published: Great Britain : Basil Blackwell, 1984
Subjects:
Tags: Add Tag
No Tags, Be the first to tag this record!

MARC

LEADER 00000nam a2200000 i 4500
001 1/20249
008 960705s1984 eng d
020 |a 0-631-12782-8  
035 |l 10021515  
040 |a GR-MY-UA  |b gre  |e aacr 
041 0 |a eng 
082 0 |a 938.3  
100 1 |a Ostrogorsky, Georgije. 
245 1 0 |a History of the Byzantine state /  |c George Ostrogorsky ; translated from the German by Joan Hussey 
260 |a Great Britain :   |b Basil Blackwell,   |c 1984 
300 |a 624 σ.  
500 |a Περιλαμβάνει ευρετήριο.  
651 0 |a Byzantine Empire  |x Social conditions. 
852 |a INST  |b CHIOS  |e 19960705  |h 938.3 OST  |p 005200003351  |q 005200003351  |t BK  |y 0 
909 |a Χ  |b 031279